Año christiano, o exercicios devotos para todos los días del año (Record no. 8614)

MARC details
000 -CABECERA
campo de control de longitud fija 01030nam a2200217 a 4500
001 - NÚMERO DE CONTROL
campo de control BRCA_8963
005 - FECHA Y HORA DE LA ÚLTIMA TRANSACCIÓN
campo de control 20190320210455.0
008 - DATOS DE LONGITUD FIJA--INFORMACIÓN GENERAL
campo de control de longitud fija 050717s1774----sp-#######---#000-0#spa-#
041 ## - CÓDIGO DE LENGUA
Código de lengua del texto/banda sonora o título independiente spa
044 ## - CÓDIGO DEL PAÍS DE LA ENTIDAD EDITORA/PRODUCTORA
Código MARC del país sp
084 ## - OTRO NÚMERO DE CLASIFICACIÓN
Número de clasificación BE117
Número de documento/Ítem .A56 1774
245 10 - MENCIÓN DE TÍTULO
Título Año christiano, o exercicios devotos para todos los días del año
Resto del título contiene la explicación del misterio ò la vida del Santo correspondiente à cada día; algunas Reflexiones sobre la Epístola; una Meditación después del Evangelio de la Misa, y algunos Exercicios prácticas de devoción, ò Propósitos adaptables à todo género de personas: fielmente traducido del francés en castellano.
260 ## - PUBLICACIÓN, DISTRIBUCIÓN, ETC.
Lugar de publicación, distribución, etc. Madrid
Nombre del editor, distribuidor, etc. por Andres Ortega
Fecha de publicación, distribución, etc. 1774
300 ## - DESCRIPCIÓN FÍSICA
Extensión 520 p.
Dimensiones 21 x 16 cm
500 ## - NOTA GENERAL
Nota general Con las licencias necesarias
500 ## - NOTA GENERAL
Nota general Estado físico: presenta encuadernación en pergamino con semi lomo desprendido y carece de cintas
505 0# - NOTA DE CONTENIDO CON FORMATO
Nota de contenido con formato Contenido: Enero
650 14 - PUNTO DE ACCESO ADICIONAL DE MATERIA--TÉRMINO DE MATERIA
Término de materia o nombre geográfico como elemento de entrada Ejercicios devotos
Subdivisión cronológica Obras anteriores a 1800
9 (RLIN) 22265
902 ## - CATALOGADOR
Iniciales CFM
942 ## - ELEMENTOS DE PUNTO DE ACCESO ADICIONAL (KOHA)
Fuente del sistema de clasificación o colocación Library of Congress Classification
Tipo de ítem Koha Libros
Holdings
Estado de retiro Estado de pérdida Estado dañado No para préstamo Localización permanente Ubicación/localización actual Fecha de adquisición Total de préstamos Signatura topográfica completa Código de barras Fecha visto por última vez Precio válido a partir de Tipo de ítem Koha
El ejemplar forma parte de la colección y puede ser consultado según las políticas vigentes.       Biblioteca del Museo Franz Mayer (Rogerio Casas-Alatriste) Biblioteca del Museo Franz Mayer (Rogerio Casas-Alatriste) 05/07/2017   BE117 .A56 1774 CFM00372 22/03/2019 22/03/2019 Libros